| 000 | 01248nam a22002537a 4500 | ||
|---|---|---|---|
| 005 | 20091219110145.0 | ||
| 008 | 091209t xxu||||| |||| 00| 0 hin d | ||
| 010 | _aHIN-88834 | ||
| 020 |
_c400.00 _a9788179651728 |
||
| 035 | _aHN-61180 | ||
| 037 | _bDBAD / PUB | ||
| 040 |
_aDPL _bHN |
||
| 082 | _a791.447 | ||
| 100 | _aहरिमोहन | ||
| 245 |
_aरेडियो जॉक्-ईंग की कला / _cहरिमोहन |
||
| 246 |
_aThe Art of Radio Jockeying / _bby Hari Mohan |
||
| 260 |
_aनई दिल्ली _bतक्षशिला प्रकाशन _c2009 |
||
| 270 |
_a98-ए, हिन्दी पार्क, दरियागंज _bनई दिल्ली _e110002 _k011 43528469, 23258802, 65285328 _mtaxshilabooks@gmail.com _l011 23258802 |
||
| 300 |
_a148पृ _c18सेमी (अजिल्द) |
||
| 650 |
_aरेडियो कार्यक्रम _xसुवक्ता |
||
| 650 |
_aRadio programs _xOrator |
||
| 942 |
_2ddc _cHN _h791.447 _mहरिमो |
||
| 999 |
_c33259 _d33259 |
||